00448nam a2200133Ia 4500008004100000041000800041100001600049245003000065260001600095365001800111906000700129999001700136952016100153240703s9999 xx 000 0 und d aeng aChakraborty aSocial Network Analysis  bWiley India cRS.b 889.00  b35 c41060d41060 00102ddc4070aIMTNbIMTNcRack 5-Bd2024-07-03eDr. Ajitabh Dashg889.00l1o302.4 CHAp33469r2025-12-18 10:10:25s2024-07-06t1v577.85w2024-07-03yBK